| 000 | 02249nam a22003375a 4500 | ||
|---|---|---|---|
| 005 | 20090803160523.0 | ||
| 010 | _aENG-94635 B-445669-673 | ||
| 020 |
_a817824246X _c695.00 |
||
| 020 |
_a9788178242460 _c695.00 |
||
| 035 | _aEN-78168 B-445669-673 | ||
| 037 | _aDBAD / VEN | ||
| 037 | _aAllied Pub/Ven | ||
| 082 | _a954.084 | ||
| 100 |
_aSrinivasan, Vasanthi _940751 |
||
| 245 |
_aGandhi's conscience keeper : _bC. Rajagopalachari and Indian politics / _cby Vasanthi Srinivasan |
||
| 260 |
_aRanikhet : _bPermanent Black, in association with the NewIndia Foundation ; _c2009 |
||
| 270 |
_a'Himalayana', Mall Road, Ranikhet Cantt. _bRanikhet _e263645 |
||
| 300 |
_axvi, 278 p. ; _c23cm(Hb) |
||
| 490 |
_aThe Indian century _940752 |
||
| 500 | _aIncludes bibliographical references index. | ||
| 600 |
_aRajagopalachari, C. _q(Chakravarti), _d1878-1972 _xPolitical and social views. _940753 |
||
| 600 |
_aGandhi, _cMahatma, _d1869-1948 _xPolitical and social views. _940754 |
||
| 942 |
_2ddc _cEN _h954.084 _mSRI |
||
| 999 |
_c28892 _d28892 |
||